Global Inequality : Rethinking Sociology in the 21st Century /
The book contributes to a better understanding of the relationship between globalisation and transnationalisation and the development of social inequality. It addresses this challenge in the current transition to a multi-centred world. The contributions by international experts from different contin...
المؤلف الرئيسي:
مؤلفون آخرون:
التنسيق: كتاب الكتروني
اللغة: English
منشور في:
Leiden ; Boston :
Brill,
2025.
سلاسل:
Social Sciences E-Books Online, Collection 2026.
Studies in Critical Social Sciences ;
329.
الموضوعات:
الوصول للمادة أونلاين: Login to view Source
الوسوم: إضافة وسم
رقم الطلب: HN65
| LEADER | 02796nam a22005178i 4500 | ||
|---|---|---|---|
| 001 | BRILL9789004733626 | ||
| 003 | nllekb | ||
| 005 | 20250818030517.0 | ||
| 006 | m d | ||
| 007 | cr un uuuua | ||
| 008 | 250606s2025 gw sb 001 0 eng d | ||
| 020 | |a 9789004733626 |q (electronic book) | ||
| 020 | |z 9789004733602 |q (print) | ||
| 024 | 7 | |a 10.1163/9789004733626 |2 DOI | |
| 035 | |z (OCoLC)1504207286 | ||
| 040 | |a NL-LeKB |c NL-LeKB |e rda | ||
| 041 | |a eng | ||
| 050 | 4 | |a HN65 | |
| 072 | 7 | |a JHB |2 bicssc | |
| 072 | 7 | |a SOC |x 026000 |2 bisacsh | |
| 082 | 0 | 4 | |a 309.173 |2 23 |
| 100 | 1 | |a Wimmer, Christopher, |e author. | |
| 245 | 0 | 0 | |a Global Inequality : |b Rethinking Sociology in the 21st Century / |c edited by Christopher Wimmer and Tobias Rieder. |
| 246 | 3 | |a Rethinking Sociology in the 21st Century | |
| 264 | 1 | |a Leiden ; |a Boston : |b Brill, |c 2025. | |
| 264 | 4 | |c ©2025 | |
| 300 | |a 1 online resource (604 pages) : |b illustrations. | ||
| 336 | |a text |b txt |2 rdacontent | ||
| 337 | |a computer |b c |2 rdamedia | ||
| 338 | |a online resource |2 rdacarrier | ||
| 490 | 1 | |a Social Sciences E-Books Online, Collection 2026 | |
| 490 | 1 | |a Studies in Critical Social Sciences ; |v 329 | |
| 504 | |a Includes bibliographical references and index. | ||
| 520 | |a The book contributes to a better understanding of the relationship between globalisation and transnationalisation and the development of social inequality. It addresses this challenge in the current transition to a multi-centred world. The contributions by international experts from different continents and different disciplines bring together current research on global inequality and social classes, covering a wide variety of thematic and spatial foci. This also includes a comparison of analyses of inequality in a global context. By bringing together analyses of inequalities in income, wealth, education, political influence, labor conditions, and socio-ecological inequalities, among others, the volume provides deeper insights into the ways in which global social inequalities are changing yet being reproduced in many ways in the 21st century. It calls for a discussion on the global dimensions of unequal power relations. | ||
| 546 | |a English | ||
| 588 | |a Description based on print version record. | ||
| 650 | 0 | |a Anthropology. | |
| 650 | 0 | |a Social Sciences. | |
| 700 | 1 | |a Rieder, Tobias, |e editor. | |
| 700 | 1 | |a Wimmer, Christopher, |e editor. | |
| 776 | 0 | 8 | |i Print version: |t Global Inequality : Rethinking Sociology in the 21st Century. |d Leiden ; Boston : Brill, 2025. |z 9789004733602 |
| 830 | 0 | |a Social Sciences E-Books Online, Collection 2026. | |
| 830 | 0 | |a Studies in Critical Social Sciences ; |v 329. | |
| 856 | 4 | |z DOI: |u http://dx.doi.org/10.1163/9789004733626 | |
| 942 | |2 lcc |c EBOOK | ||
| 999 | |c 61106 |d 61106 | ||
